|
|
|
|
| LEADER |
01582nam a2200385 a 4500 |
| 001 |
000015966 |
| 003 |
CZ BrMZK |
| 005 |
20191010092242.0 |
| 007 |
ta |
| 008 |
950101s1994 xr f cze d |
| 015 |
|
|
|a cnb000103339
|
| 020 |
|
|
|a 80-85875-01-2
|
| 040 |
|
|
|a BOA001
|b cze
|
| 080 |
|
|
|a 616.72-08
|2 MRF
|
| 100 |
1 |
|
|a Rychlíková, Eva,
|d 1934-
|7 jk01103315
|4 aut
|
| 245 |
1 |
0 |
|a Poruchy funkce kloubů končetin a jejich terapie.
|n [1] /
|c Eva Rychlíková
|
| 250 |
|
|
|a 1. vyd.
|
| 260 |
|
|
|a Praha :
|b Triton,
|c 1994
|
| 300 |
|
|
|a 175 s. :
|b il.
|
| 500 |
|
|
|a Dostupné též v digitální podobě v aplikaci Kramerius
|
| 504 |
|
|
|a Obsahuje bibliografii
|
| 650 |
0 |
7 |
|a nemoci kloubů
|7 ph137965
|2 czenas
|
| 650 |
0 |
7 |
|a funkční diagnostika (lékařství)
|7 ph134787
|2 czenas
|
| 650 |
0 |
7 |
|a terapie
|7 ph116435
|2 czenas
|
| 653 |
0 |
|
|a klouby
|a končetiny
|a páteř
|
| 653 |
0 |
|
|a bolesti kloubů
|a funkční kloubní blokády
|a končetiny
|
| 655 |
|
7 |
|a studie
|7 fd133597
|2 czenas
|
| 856 |
4 |
1 |
|u http://www.digitalniknihovna.cz/mzk/uuid/uuid:e50e3110-88ed-11e9-b724-005056827e52
|y Digitalizovaný dokument
|x NDK
|
| 910 |
|
|
|a BOA001
|b 2-1005.116,1
|
| 962 |
|
|
|a 616.7
|
| 964 |
|
|
|a Klouby - končetiny - funkce - poruchy - léčba
|
| 990 |
|
|
|a BK
|
| 996 |
7 |
|
|b 2610016303
|c 2-1005.116,1
|l MZK
|r Sklad / do 1 hodiny
|n 23
|p p.v.
|w 000015966
|u 000010
|a 1
|e BOA001
|j MZK50
|s A
|
| 996 |
6 |
|
|b 2610018474
|c 2-1005.116,1
|l MZK
|r Sklad / do 1 hodiny
|n 5
|p kup
|w 000015966
|u 000020
|a 1
|e BOA001
|j MZK50
|s P
|
| 996 |
7 |
|
|b 2610021101
|c 2-1005.116,1
|l MZK
|r Sklad / do 1 hodiny
|n 27
|p kup
|w 000015966
|u 000030
|a 1
|e BOA001
|j MZK50
|s A
|